Loading...
| Art - Music/Opera | 0 | 2 | 0 | 2 | 20 | 125 | 134.50 | 0 | 0 | 0.00 | 0.00 |
| Literature - American long fiction | 0 | 2 | 0 | 1 | 20 | 103 | 119.00 | 0 | 0 | 0.00 | 0.00 |
| Literature - European drama | 0 | 2 | 0 | 0 | 20 | 70 | 93.00 | 0 | 0 | 0.00 | 0.00 |
| Literature - European long fiction | 0 | 2 | 0 | 0 | 20 | 115 | 119.00 | 0 | 0 | 0.00 | 0.00 |
| Literature - World/Misc drama | 0 | 2 | 0 | 1 | 20 | 136 | 144.50 | 0 | 0 | 0.00 | 0.00 |
| Literature - World/Misc long fiction | 0 | 2 | 0 | 0 | 20 | 88 | 99.00 | 0 | 0 | 0.00 | 0.00 |
| Art - Painting/Sculpture | 0 | 2 | 1 | 1 | 15 | 115 | 121.00 | 0 | 0 | 0.00 | 0.00 |
| Literature - British long fiction | 0 | 1 | 0 | 1 | 10 | 121 | 121.00 | 0 | 0 | 0.00 | 0.00 |
| Literature - European any | 0 | 1 | 0 | 0 | 10 | 129 | 129.00 | 0 | 0 | 0.00 | 0.00 |
| Literature - American any | 0 | 1 | 0 | 1 | 10 | 138 | 138.00 | 0 | 0 | 0.00 | 0.00 |
| Literature - American poetry | 0 | 1 | 0 | 1 | 10 | 93 | 93.00 | 0 | 0 | 0.00 | 0.00 |
| Geography - Europe | 0 | 1 | 0 | 0 | 10 | 122 | 122.00 | 0 | 0 | 0.00 | 0.00 |
| Literature - British drama | 0 | 0 | 1 | 0 | -5 | 0.00 | 0 | 0 | 0.00 | 0.00 | |
| Literature - American drama | 0 | 0 | 1 | 0 | -5 | 0.00 | 0 | 0 | 0.00 | 0.00 |